[Event "Monthey op 6th"]
[Site "Monthey"]
[Date "2015.11.01"]
[Round "7"]
[White "Javet, Blaise"]
[Black "Machoud, Pascal"]
[Result "1-0"]
[WhiteElo "1999"]
[BlackElo "1832"]
[PlyCount "33"]
[EventDate "2015.10.30"]
[EventType "swiss"]
[EventRounds "7"]
[EventCountry "SUI"]
[SourceTitle "EXT 2017"]
[Source "ChessBase"]
[SourceDate "2016.10.25"]
[SourceVersion "1"]
[SourceVersionDate "2016.10.25"]
[SourceQuality "1"]

1. e4 e5 2. Nf3 Nc6 3. d4 exd4 4. Bc4 Nf6 5. 0-0 d5 6. exd5 Nxd5 7. Nxd4 Nxd4 8. Qxd4 Be6 9. Nc3 Nxc3 10. Qxc3 Bxc4 11. Qxc4 c6 12. Re1+ Be7 13. Bg5 f6 14. Bf4 Rf8 15. Rad1 Qb6 16. Bd6 Rf7 17. Bxe7 1-0

[Event "Monthey op 4th"]
[Site "Monthey"]
[Date "2013.10.06"]
[Round "4"]
[White "Javet, Blaise"]
[Black "Machoud, Pascal"]
[Result "1/2-1/2"]
[WhiteElo "2016"]
[BlackElo "1869"]
[PlyCount "116"]
[EventDate "2013.10.04"]
[EventType "swiss"]
[EventRounds "7"]
[EventCountry "SUI"]
[SourceTitle "EXT 2017"]
[Source "ChessBase"]
[SourceDate "2016.10.25"]
[SourceVersion "1"]
[SourceVersionDate "2016.10.25"]
[SourceQuality "1"]

1. e4 e5 2. Nf3 Nc6 3. Nc3 Nf6 4. Bb5 d6 5. d4 exd4 6. Nxd4 Bd7 7. Nxc6 Bxc6 8. Bxc6+ bxc6 9. Qf3 Nd7 10. Qe2 Be7 11. Be3 0-0 12. Rd1 Re8 13. 0-0 Bf6 14. f3 Qb8 15. Rb1 Nb6 16. Qd3 Nd7 17. Qd2 h6 18. b3 a5 19. a3 Nb6 20. Ne2 Qd8 21. Ng3 Nd7 22. Rbd1 Qe7 23. a4 Qf8 24. Nf5 Kh7 25. g4 Ne5 26. h4 Be7 27. Qg2 Ng6 28. Qh2 Qh8 29. Rd2 f6 30. Qg3 Ne5 31. g5 h5 32. Rg2 g6 33. Nxe7 Rxe7 34. gxf6 Qxf6 35. Bg5 Qg7 36. Bxe7 Qxe7 37. Qg5 Qxg5 38. Rxg5 c5 39. Kg2 Rf8 40. Rg3 Rf4 41. Rh3 Nc6 42. Kg3 Rf8 43. f4 Re8 44. Re1 Nd4 45. Rh2 Nf5+ 46. Kf3 Nh6 47. Rhe2 Ng4 48. e5 dxe5 49. fxe5 Kg7 50. Kf4 Rf8+ 51. Ke4 c6 52. Kd3 Rf4 53. Kc3 Kf7 54. e6+ Ke7 55. Re4 Rf5 56. Kc4 Rd5 57. Rf1 Ne5+ 58. Kc3 Kxe6 1/2-1/2